| 000 | 00580cam a2200193 a 4500 | ||
|---|---|---|---|
| 001 | 13561119 | ||
| 005 | 20241025164146.0 | ||
| 008 | 040416s2005 enka b 001 0 eng | ||
| 020 | _a0582822785 | ||
| 050 | 0 | 0 |
_aKD2968.N8 _bD56 2005 |
| 082 | 0 | 0 |
_a344.4104/14 _222 |
| 100 | 1 | _aDimond, Bridgit. | |
| 245 | 1 | 0 |
_aLegal aspects of nursing / _cBridgit Dimond. |
| 250 | _a4th ed. | ||
| 260 |
_aHarlow, England ; _aNew York : _bPearson Longman, _c2005. |
||
| 300 |
_alviii, 746 p. : _bill. ; _c25 cm. _eIndex |
||
| 650 | 0 |
_aNursing _xLaw and legislation _zGreat Britain. |
|
| 942 |
_2lcc _cBK _n0 |
||
| 999 |
_c209 _d209 |
||